| 000 | 00572nam a2200217 i 4500 | ||
|---|---|---|---|
| 001 | bg | ||
| 100 | 1 | _aDANILO, Michel | |
| 245 | 1 | 0 |
_aLe français de l'entreprise / _cMichel Danilo, Béatrice Tauzin. |
| 260 |
_aParis : _bCLE International, _ccop.1990. |
||
| 300 |
_a107 s. : _bfot., rys. ; _c30 cm. |
||
| 650 | 9 | _aJęzyk francuski | |
| 655 | _aPodręczniki | ||
| 700 | 1 | _aTAUZIN, Béatrice | |
| 020 | _a2190335809 | ||
| 040 | _cBPK | ||
| 041 | 0 | _afr | |
| 080 | _a804.0(07) | ||
| 920 | _a2-19-033580-9 | ||
| 942 | _cKS | ||
| 008 | s pl f |000 0 pol | ||
| 999 |
_c6950 _d6950 |
||